书目信息 |
| 题名: |
AutoCAD R14入门到精通
|
|
| 作者: | 周建龙 , 谭小勇 编著 | |
| 分册: | ||
| 出版信息: | 重庆 重庆大学出版社 1998.09 |
|
| 页数: | 344页 | |
| 开本: | 26cm | |
| 丛书名: | ||
| 单 册: | ||
| 中图分类: | TP391.72 | |
| 科图分类: | ||
| 主题词: | 计算机应用 | |
| 电子资源: | ||
| ISBN: | 7-5624-1873-X | |
| 000 | 00634nam0 2200205 45 | |
| 001 | 0133867835 | |
| 005 | 2001111609242777 | |
| 010 | @a7-5624-1873-X@dRMB 35.00 | |
| 100 | @a20011116d1998 km y0chiy0120 ea | |
| 101 | 0 | @achi |
| 102 | @aCN | |
| 200 | 1 | @aAutoCAD R14入门到精通@AAutoCAD R14 Ru Men Dao Jing Tong@f周建龙,谭小勇编著@FZhou Jian Long,Tan Xiao Yong Bian Zhu |
| 210 | @a重庆@c重庆大学出版社@d1998.09 | |
| 215 | @a344页@d26cm | |
| 606 | 0 | @a计算机应用 |
| 690 | @aTP391.72@v3 | |
| 701 | 0 | @a周建龙@AZhou Jian Long@4编著 |
| 701 | 0 | @a谭小勇@ATan Xiao Yong@4编著 |
| 801 | 0 | @aCN@bPFT@c20011116 |
| 905 | @a安徽大学@dTP391.72@eZ773 | |
| AutoCAD R14入门到精通/周建龙,谭小勇编著.-重庆:重庆大学出版社,1998.09 |
| 344页;26cm |
| ISBN 7-5624-1873-X:RMB 35.00 |
| ● |
| 相关链接 |
|
|
|
正题名:AutoCAD R14入门到精通
索取号:TP391.72/Z773
 
预约/预借
| 序号 | 登录号 | 条形码 | 馆藏地/架位号 | 状态 | 备注 |
| 1 | 352158 | 203521581 | 期刊室512/301自科库 112排2列4层/ [索取号:TP391.72/Z773] | 在馆 | |
| 2 | 352159 | 203521590 | 自科二线400A/400A自科库 6排1列3层/ [索取号:TP391.72/Z773] | 在馆 | |
| 3 | 352160 | 203521607 | 自科二线400A/400A自科库 4排1列3层/ [索取号:TP391.72/Z773] | 在馆 |